Only connect ; readings on children's literature /

Bibliographic Details
Main Author: Egoff, Sheila A.
Other Authors: Stubbs, G. T. (Gordon Thomas), 1928-, Ashley, L. F.
Format: Book
Language:English
Published: Toronto, New York : Oxford University Press, 1969.
Subjects:

MARC

Tag First Indicator Second Indicator Subfields
LEADER 00000cam a2200000 4500
001 in00000353213
005 20151011061332.0
008 700522s1969 onc b 00110 eng
010 |a  75466022  
015 |a C*** 
035 |a (OCoLC)00077573 
035 |9 ABM7899AM 
037 |c 7.50 
040 |a DLC  |c DLC  |d TXA  |d UtOrBLW 
049 |a TXAM  |c [974132] 
050 0 0 |a PN1009.A1  |b E28 
082 0 |a 028.5 
100 1 |a Egoff, Sheila A. 
245 1 0 |a Only connect ;  |b readings on children's literature /  |c Edited by Sheila Egoff, G. T. Stubbs, and L. F. Ashley. 
264 1 |a Toronto,  |a New York :  |b Oxford University Press,  |c 1969. 
300 |a xvii, 471 pages ;  |c 21 cm. 
336 |a text  |b txt  |2 rdacontent 
337 |a unmediated  |b n  |2 rdamedia 
338 |a volume  |b nc  |2 rdacarrier 
504 |a Bibliography: pages [453]-457. 
650 0 |a Children's literature. 
700 1 |a Stubbs, G. T.  |q (Gordon Thomas),  |d 1928- 
700 1 |a Ashley, L. F. 
999 |a MARS 
999 f f |s b55803e1-860a-346b-9e7f-4b11f06b6045  |i 772529b2-8b16-312e-9b22-4c839763f382  |t 0 
952 f f |p ric  |a Texas A&M University  |b Rellis Campus  |c Joint Library Facility  |d Remote Storage  |t 0  |e PN1009.A1 E28  |h Library of Congress classification  |i unmediated -- volume  |m A14803674172 
998 f f |a PN1009.A1 E28  |t 0  |l Remote Storage